Objektívne príčiny a chyby zapríčinili viac negatívnych čŕt masové uvoľnenie regulovaných cien prispieva k ohrozeniu sociálneho konsenzu

Udalosti, súvisiace s rozpadom socialistického systému, ktoré skomplikovali proces transformácie. Reakcie slovenskej ekonomiky na jednotlivé udalosti (rozpad RVHP, rozdelenie ČSFR atď.). Malá a veľká privatizácia, ich ciele a výsledky. Vzťahy SR so zahraničím. Stav malého a stredného podnikania. Súč...

Ausführliche Beschreibung

Gespeichert in:
Bibliographische Detailangaben
1. Verfasser: Baránik, Michal
Format: Buchkapitel
Sprache:Slowakisch
Schlagworte:
Tags: Tag hinzufügen
Keine Tags, Fügen Sie das erste Tag hinzu!

MARC

LEADER 00000naa a2200000 4500
001 r037556
005 20230824104733.5
041 0 |a slo 
044 |a SK 
245 1 0 |a Objektívne príčiny a chyby zapríčinili viac negatívnych čŕt  |b masové uvoľnenie regulovaných cien prispieva k ohrozeniu sociálneho konsenzu  |c Michal Baránik 
520 |a Udalosti, súvisiace s rozpadom socialistického systému, ktoré skomplikovali proces transformácie. Reakcie slovenskej ekonomiky na jednotlivé udalosti (rozpad RVHP, rozdelenie ČSFR atď.). Malá a veľká privatizácia, ich ciele a výsledky. Vzťahy SR so zahraničím. Stav malého a stredného podnikania. Súčasná situácia v hospodárskom vývoji Slovenska. 
610 2 0 |a transformácia 
610 2 0 |a hospodárstvo socialistické 
610 2 0 |a hospodárstvo trhové 
610 2 0 |a privatizácia 
610 2 0 |a produkt domáci hrubý 
610 2 0 |a ceny 
610 2 0 |a podnik 
610 2 0 |a vedenie podniku 
610 2 0 |a podnikanie malé 
610 2 0 |a zadlženosť zahraničná 
610 2 0 |a rast hospodársky 
610 2 0 |a Slovensko 
610 2 0 |a 1989-2000 
100 1 |a Baránik, Michal